Top 10 des aliments que les français détestent le plus - Statistiques

Statistiques générales
  • Ce quiz a été pris 102 fois
  • Le résultat moyen est 3 sur 10
Statistiques - réponses
TOP Aliments % Correct
8 Réglisse
62%
1 Endive
52%
10 Poivron
43%
5 Choux de Bruxelles
37%
7 Oignon
35%
2 Gingembre
30%
4 Sardines
24%
6 Coriandre
16%
3 Fruits secs
16%
9 Anis
11%
Aucun quiz correspondant
Distribution des résultats
% des personnes avec chaque résultat
Percentile par nombre de réponses
Votre historique - résultats
Vous n’avez pas pris ce quiz